000 00518nam a2200217Ia 4500
003 OSt
005 20220928143301.0
006 a|||||r|||| 00| 0
007 ta
008 220927b |||||||| |||| 00| 0 eng d
024 _a21541
037 _cTextual
040 _aSDCL
_cSDCL
_beng
041 _2eng
_aeng
082 _aQ.2'D, L2
100 _aSircar D C
245 0 _aReligious life in ancient India.
260 _c1972
942 _hQ.2'D, L2
_cTEXL
_2CC
999 _c823580
_d823580